Cuando Hitler robó el conejo rosa / (Registro nro. 11694)

Detalles MARC
000 -LIDER
fixed length control field 01136cam a22003373a 4500
001 - NÚMERO DE CONTROL
Identificador de número de control 0000755
003 - IDENTIFICACDOR DE NÚMERO DE CONTROL
control field DO-SdBNP
005 - DATE AND TIME OF LATEST TRANSACTION
control field 20240118110902.0
007 - CAMPOS FIJOS DE DESCRIPCIÓN FÍSICA
fixed length control field 0000755
008 - ELEMENTOS DE LONGITUD FIJA
fixed length control field 8611121999 sp a 000 0 spa d
010 ## - NUMERO DE CONTROL DE BIBLIOTECA DEL CONGRESO
LC control number
020 ## - ISBN
International Standard Book Number 8420447919
040 ## - FUENTE DE CATALOGACIÓN
Agencia que crea de manera original el registro BPMSU
Agencia que realiza la transcripción spa
Agencia que realiza la modificación BPMSU
--
082 ## - NÚMERO DE CLASIFICACIÓN DECIMAL DE DEWEY
Classification number 833.91
Item number K41c 1999
Edition number 22
100 1# - ASIENTO PRINCIPAL -- NOMBRE PERSONAL
Nombre personal Kerr, Judith
Fechas asociadas con el nombre 1923-
245 10 - MENCIÓN DE TITULO
Título Cuando Hitler robó el conejo rosa /
Mención de responsabilidad Judith Kerr ; traducción María Luisa Balseiro
250 ## - MENCIÓN DE EDICION
Mención de edición 2a. ed. 14a. reimpr. 1999
260 ## - PUBLICACIÓN, DISTRIBUCIÓN, ETC. (PIE DE IMPRENTA)
Lugar de publicación, distribución, etc Madrid, España :
Nombre del editor, distribuidor, etc. Alfaguara,
-- Santillana Ediciones Generales,
Fecha de publicación, distribución, etc 1999
300 ## - DESCRIPCIÓN FÍSICA
Extensión 264 p. :
Otros detalles físicos il. ;
Dimensiones 20 cm.
490 0# - MENCIÓN DE SERIES
Mención de serie Alfaguara juvenil
500 ## - NOTA GENERAL
Nota general Incluye datos biográficos del autor.
500 ## - NOTA GENERAL
Nota general Literatura para niños a partir de los 12 años.
521 ## - TARGET AUDIENCE NOTE
Target audience note A partir de 12 años.
534 ## - NOTA SOBRE LA VERSIÓN ORIGINAL
Asiento principal del original Título original :
Mención del título original When Hitler stole pink rabbit
590 ## - NOTA LOCAL
Texto de la nota local Inventariado, 2024/VM
650 #4 - ENCABEZAMIENTO DE MATERIA--TEMÁTICO
Término temático o nombre geográfico como elemento de entrada Novela juvenil alemana.
650 #4 - ENCABEZAMIENTO DE MATERIA--TEMÁTICO
Término temático o nombre geográfico como elemento de entrada Guerra Mundial II, 1939-1945
Subdivisión de forma Novela juvenil
700 1# - ASIENTO SECUNDARIO -- NOMBRE PERSONAL
Nombre personal Balseiro, María Luisa
Mención de responsabilidad trad.
910 ## - VALIDACIÓN
Validación VMateo V. Cotrol de calidad.BPMSU
942 ## - ADDED ENTRY ELEMENTS (KOHA)
Source of classification or shelving scheme Dewey Decimal Classification
Koha item type Libros
Existencias
Withdrawn status Lost status Source of classification or shelving scheme Damaged status Not for loan Collection code Home library Current library Date acquired Source of acquisition Total Checkouts Full call number Barcode Date last seen Price effective from Koha item type
    Dewey Decimal Classification     Colección Juvenil General Biblioteca Pública Metropolitana Salomé Ureña Biblioteca Pública Metropolitana Salomé Ureña 10/26/2016 Alfaguara   BPMSU CG 833.91 K41c 1999 BPMSU16100396 10/26/2016 10/26/2016 Libros